Pays finissant par D - Statistiques

Statistiques générales
  • Ce quiz a été pris 94 fois
  • Le résultat moyen est 4 sur 6
Statistiques - réponses
Continent Pays % Correct
Afrique Tchad
72%
Afrique Afrique du sud
69%
Asie Corée du sud
67%
Afrique Soudan du sud
60%
Asie Corée du nord
51%
Europe Macédoine du nord
51%
Aucun quiz correspondant
Distribution des résultats
% des personnes avec chaque résultat
Percentile par nombre de réponses
Votre historique - résultats
Vous n’avez pas pris ce quiz